Central Library OPAC University of Rajshahi

A text book of engineering physics : (Record no. 68491)

MARC details
000 -LEADER
fixed length control field 00705nam a2200205 a 4500
001 - CONTROL NUMBER
control field 68491
003 - CONTROL NUMBER IDENTIFIER
rucl marc code BD-RjUL
005 - DATE AND TIME OF LATEST TRANSACTION
control field 20211209081759.0
008 - FIXED-LENGTH DATA ELEMENTS--GENERAL INFORMATION
fixed length control field 170403r19741971ii a 001 0 eng
035 ## - SYSTEM CONTROL NUMBER
System control number (BD-RjUL)68701
040 ## - CATALOGING SOURCE
Original cataloging agency DLC
Transcribing agency CarP
Modifying agency BD-RjUL
Language of cataloging eng
041 ## - LANGUAGE CODE
Language code of text/sound track or separate title eng
082 ## - DEWEY DECIMAL CLASSIFICATION NUMBER
Edition number 23
Classification number 530
Author mark and year THT 1974
100 1# - MAIN ENTRY--PERSONAL NAME
Personal name Theraja, B. L.
9 (RLIN) 117284
245 02 - TITLE STATEMENT
Title A text book of engineering physics :
Remainder of title heat, light, sound and thermodynamics for the examinations of B. Sc.(Engg.), A. M. I. E. (I), A. M. Ae. S. I., diploma & N. C. C. /
Statement of responsibility, etc. B L Theraja
260 ## - PUBLICATION, DISTRIBUTION, ETC. (IMPRINT)
Place of publication, distribution, etc. New Delhi :
Name of publisher, distributor, etc. S Chand & Co.,
Date of publication, distribution, etc. 1971, [reprinted 1974]
300 ## - PHYSICAL DESCRIPTION
Pagination 776 p. :
Illustrations ill. ;
Size 22 cm.
650 #0 - SUBJECT ADDED ENTRY--TOPICAL TERM
Topical term or geographic name as entry element Physics.
9 (RLIN) 203018
942 ## - ADDED ENTRY ELEMENTS (KOHA)
Source of classification or shelving scheme Dewey Decimal Classification
Koha item type Books
Holdings
Lost status Source of classification or shelving scheme Damaged status Not for loan Collection code Permanent Location Current Location Shelving location Date acquired Source of acquisition Cost, normal purchase price Total Checkouts Full call number Date last seen Copy number Koha item type
  Dewey Decimal Classification   Not For Loan Non-fiction Central Library, University of Rajshahi Central Library, University of Rajshahi Reading Room 08/04/1980 K.P.Bagchi, Calcata. 15.25   530 THT 1974 03/04/2017 C-1 Books